Dlouhodobá nezaměstnanost: další riziko české ekonomiky?

Makroekonomická analýza a problémy trhu práce. Teoretické vymedzenie pojmu hysterný efekt, hysterzia. Teória selektívnej nezamestnanosti. Vývoj na trhu práce po roku 1989. Vývoj výdavkov na politiku zamestnanosti. Vývoj dlhodobej nezamestnanosti v Českej republike. Nezamestnanosť a politika zamestna...

ver descrição completa

Na minha lista:
Detalhes bibliográficos
Autor principal: Frýdmanová, Marie
Outros Autores: Zamrazilová, Eva
Formato: Capítulo de Livro
Idioma:tcheco
Assuntos:
Tags: Adicionar Tag
Sem tags, seja o primeiro a adicionar uma tag!

MARC

LEADER 00000naa a2200000 4500
001 r036019
005 20231002105635.6
041 0 |a cze 
044 |a CZ 
245 1 0 |a Dlouhodobá nezaměstnanost: další riziko české ekonomiky?  |c Marie Frýdmanová, Eva Zamrazilová 
520 |a Makroekonomická analýza a problémy trhu práce. Teoretické vymedzenie pojmu hysterný efekt, hysterzia. Teória selektívnej nezamestnanosti. Vývoj na trhu práce po roku 1989. Vývoj výdavkov na politiku zamestnanosti. Vývoj dlhodobej nezamestnanosti v Českej republike. Nezamestnanosť a politika zamestnanosti v západoeurópskych krajinách. Konkrétne príklady programov pre dlhodobo nezamestnaných. 
610 2 0 |a politika zamestnanosti 
610 2 0 |a trh práce 
610 2 0 |a nezamestnanosť 
610 2 0 |a analýza ekonomická 
610 2 0 |a výdavky na potreby sociálne 
610 2 0 |a transformácia 
610 2 0 |a podpory v nezamestnanosti 
610 2 0 |a rekvalifikácia 
610 2 0 |a Česko 
610 2 0 |a Európska únia 
100 1 |a Frýdmanová, Marie 
700 1 |a Zamrazilová, Eva